| 000 | 00337nam a22001457a 4500 | ||
|---|---|---|---|
| 020 | _a9789332518643 | ||
| 082 | _a005.1 KLE | ||
| 100 |
_aKleinberg, Jon _918061 |
||
| 245 | _aAlgorithm design | ||
| 260 |
_aIndia _bPearson _c2018 |
||
| 300 | _a823 P | ||
| 650 |
_aAlgorithm Design _969599 |
||
| 700 |
_aTardos, Eva _918062 |
||
| 942 | _cBK | ||
| 999 |
_c576816 _d576816 |
||